Najpopularniejsze drinki świata - Statystyki

Ogólne statystyki
  • Ten quiz został rozwiązany 353 razy
    327 od ostatniego zresetowania
  • Średni wynik to 6 z 22
Statystyki odpowiedzi
Pochodzenie Podstawowe składniki Nazwa % Poprawnych
Kuba biały rum + sok z limonki + połówka limonki + mięta + cukier brązowy Mojito
85%
Floryda wódka + likier brzoskwiniowy + sok pomarańczowy + sok żurawinowy + pomarańcza + lód Sex on the beach
73%
Kuba biały rum + Coca Cola + sok z limonki + lód Cuba Libre
65%
Dolna Saksonia Jagermaister + Redbull Jagerbomb
59%
Nizina Padańska Prosecco + Aperol + lód Aperol Spritz
48%
Portoryko biały rum + malibu + słodka śmietanka kokosowa + sok ananasowy Pina colada
41%
Anglia whisky + sok z limonki + syrop cukrowy + angostura + lód Whisky sour
33%
Meksyk tequila + sok pomarańczowy + Grenadyna + lód Tequila sunrise
27%
Anglia wódka + sok pomidorowy + sok z cytryny + sos worcester + sos tabasco + sól + pieprz + lód Bloody Mary
24%
Nowy Jork wódka cytrynowa + Triple sec + sok żurawinowy + sok z limonki + lód Cosmopolitan
24%
Meksyk tequila + brandy + Cointreau + sour mix + sok z limonki Margarita
24%
Bruksela wódka + likier kawowy + śmietanka + lód White Russian
15%
Kuba biały rum + sok z limonki + syrop cukrowy + lód Daiquiri
14%
Bruksela wódka + likier kawowy + lód Black Russian
12%
Anglia wódka + sok pomarańczowy + lód Screwdriver
11%
Anglia gin + sok z cytryny + syrop cukrowy + woda gazowana + lód Tom Collins
11%
Nowy Jork wódka + rum + tequila + gin + Triple sec + sok z limonki + syrop cukrowy + Coca Cola + lód Long Island Iced Tea
9%
Nowy Jork słodki vermouth + whiskey + angostura Manhattan
9%
Los Angeles wódka + piwo imbirowe + sok z limonki + lód Moscow Mule
8%
Hawaje biały rum + wódka + Blue Curacao + sok ananasowy + syrop cukrowy + sok z limonki + lód Blue Hawaiian
2%
Los Angeles wódka + gin + rum + tequila + likier pomarańczowy + sok z cytryny + sok pomarańczowy Californication
2%
Barbados biały rum + Blue Curacao + sok pomarańczowy + grenadyna + lód Żar tropików
1%
Nie znaleziono quizów pasujących do podanych kryteriów
Rozkład punktacji
Procent ludzi z każdym wynikiem
Percentyl według liczby udzielonych odpowiedzi
Twoja historia wyników
Nie rozwiązałeś tego quizu od ostatniego zresetowania